Commonest Words in Doctor Who Episode Titles Quiz Stats

 Plays Quiz not verified by Sporcle

Challenge
Share
Tweet
Embed
Score 0/59 Timer 12:00
0 Plays Today
No. Word % Correct
188The
98.7%
6A
94.9%
5Doctor
93.6%
2Dalek
93.2%
86Of
92.3%
17Time
88.7%
4Cybermen
84.5%
12Planet
83.4%
10In
83%
9And
80%
15Daleks
71.1%
5Earth
70.4%
8Space
69.6%
4To
69.1%
4End
68.7%
3Dead
68.1%
4War
66.8%
6Death
65.1%
3World
64.9%
3Day
64.5%
4Lord
58.9%
3Doctors
58.7%
2Doctor's
58.7%
6Invasion
56.4%
2Child
54.7%
2Who
54.7%
5Terror
52.3%
2Monster
51.1%
4Evil
49.1%
2Sontaran
48.9%
No. Word % Correct
2Impossible
48.1%
2Girl
47%
2Mars
46.8%
3Blood
46.6%
3Fear
46%
2Christmas
46%
2Three
43.4%
2Black
41.9%
3Curse
40.4%
3Warriors
39.8%
2From
39.4%
2Flesh
37.9%
2Rani
37.4%
2Ark
36%
2Power
35.7%
2Pit
35.3%
2Monsters
34.7%
2Mind
34.5%
2Peladon
32.8%
2Web
32.3%
2Deep
32.1%
2Doomsday
31.3%
2Experiment
31.3%
2Seeds
31.3%
2Part
30.6%
2Galaxy
30.2%
2Enemy
29.8%
4Trial
25.5%
2Makers
20%

You're not logged in!

Compare scores with friends on all Sporcle quizzes.
Join for Free
OR
Log In

You Might Also Like...

Show Comments

Extras

Created Aug 2, 2011ReportNominate
Tags:Nintendo Quiz, doctor, episode

Top Quizzes Today


Score Distribution

Your Account Isn't Verified!

In order to create a playlist on Sporcle, you need to verify the email address you used during registration. Go to your Sporcle Settings to finish the process.

Report this User

Report this user for behavior that violates our Community Guidelines.

Details: